Tortugas marinas de Costa Rica = Sea turtles of Costa Rica (Registro nro. 12163)

Detalles MARC
000 -CABECERA
campo de control de longitud fija 00489nam a22001817a 4500
005 - FECHA Y HORA DE ACTUALIZACIÓN
campo de control 20190812172854.0
008 - LONGITUD FIJA
campo de control de longitud fija 190723b xxu||||| |||| 00| 0 spa d
041 ## - IDIOMA
Código de idioma del texto/pista de sonido o título separado
082 ## - CLASIFICACIÓN DECIMAL DEWEY
Número de clasificación Láminas
245 ## - TÍTULO PROPIAMENTE DICHO
Título Tortugas marinas de Costa Rica = Sea turtles of Costa Rica
260 ## - PIE DE IMPRENTA
Lugar de publicación, distribución, etc. Costa Rica
260 ## - PIE DE IMPRENTA
Nombre del editor, distribuidor, etc. INBIO
650 ## - Materia General
Materia general MATERIAL DIDÁCTICO
650 ## - Materia General
Materia general COSTA RICA
650 ## - Materia General
Materia general TORTUGAS MARINAS
650 ## - Materia General
Materia general TORTUGAS TERRESTRES
942 ## - Punto de Acceso Adicional Koha
Tipo de ítem Koha Material didáctico
Existencias
Estado perdido Fuente de clasificación o esquema de estantería Estado dañado No para préstamo Biblioteca permanente Biblioteca actual Signatura completa Código de barras Tipo de ítem
  Dewey Decimal Classification     Departamento de Biblioteca y Documentación Alfonso Chase Brenes Departamento de Biblioteca y Documentación Alfonso Chase Brenes Láminas 744112910040101 Material didáctico
  Dewey Decimal Classification     Departamento de Biblioteca y Documentación Alfonso Chase Brenes Departamento de Biblioteca y Documentación Alfonso Chase Brenes Láminas 744112910040102 Material didáctico
  Dewey Decimal Classification     Departamento de Biblioteca y Documentación Alfonso Chase Brenes Departamento de Biblioteca y Documentación Alfonso Chase Brenes Láminas 744112910040103 Material didáctico